Mesa cultural

Uloženo v:
Podrobná bibliografie
Korporativní autor: Instituto de Cooperación Iberoaméricana
Médium: Text
Vydáno: Madrid: Huertas
Tagy: Přidat tag
Žádné tagy, Buďte první, kdo vytvoří štítek k tomuto záznamu!

MARC

LEADER 00000 a a2200000 04500
001 25459
003
040
090 |a 152522  
110 |a Instituto de Cooperación Iberoaméricana  
245 |a Mesa cultural  
260 |a Madrid:   |b Huertas  
300 |a 516 p.   |b il.  
999 |c 11362  |d 11362